| 000 | 01428nam0a22003011 4500 | ||
|---|---|---|---|
| 001 | rc\3317885 | ||
| 005 | 20260407071703.0 | ||
| 035 | _a(NLR Aleph) 007418213 | ||
| 090 |
_a6887928 _c6887928 |
||
| 100 | _a20130115d1971 u y0rusy50 ca | ||
| 101 | 0 | _arus | |
| 102 | _aRU | ||
| 105 | _ay z ||||| | ||
| 200 | 1 |
_aИзучение в школе материалов XXIV съезда КПСС _eПособие для учителя _fПод ред. чл.-кор. АПН СССР М.П. Кашина и А.Т. Кинкулькина _gИн-т содержания и методов обучения Акад. пед. наук СССР |
|
| 210 |
_aМосква _cПросвещение _d1971 |
||
| 215 |
_a126 с. _d21 |
||
| 300 | _aНа 6-й с. авт.: М.П. Кашин, А.Т. Кинкулькин, М.С. Васильева [и др.] | ||
| 320 | _aБиблиогр.: с. 121-124 | ||
| 532 | 1 | 1 | _aИзучение в школе материалов Двадцать четвертого съезда КПСС |
| 701 | 1 |
_aКинкулькин _bА.Т. _4340 |
|
| 701 | 1 |
_7ca _8rus _aВасильева _bМ. С. _cканд. пед. наук, методики преподавания _gМария Сергеевна _3RU\NLR\AUTH\770288952 _92693702 |
|
| 701 | 1 |
_aКашин _bМ.П. _4340 |
|
| 801 | 0 |
_aRU _bNLR _gpsbo |
|
| 801 | 1 |
_aRU _bELAR _2rusmarc |
|
| 852 |
_aNLR _j71-5/4450 |
||
| 942 | _cBOOK | ||
| 980 | _aNB | ||